| 000 | 00879nam a2200241 a 4500 | ||
|---|---|---|---|
| 001 | BRCA_1760 | ||
| 005 | 20190320203534.0 | ||
| 008 | 880906s1987 mx-a---##b---f000-0#spa-# | ||
| 020 | _a9682912601 | ||
| 040 |
_aDLC _cDLC _dDLC |
||
| 050 | 4 |
_aN331 _b.L68 1987 |
|
| 245 | 1 | 0 |
_aLa Lotería de la Academia Nacional de San Carlos _b1841-1863. |
| 260 |
_aMéxico _bINBA : Lotería Nacional para la Asistencia Pública _c1987 |
||
| 300 |
_a191 p. _bil. (algunas a color) _c28 cm. |
||
| 500 | _aCatálogo de la exposición realizada en el Museo de San Carlos (Ciudad de México), diciembre 1986 - marzo 1987 | ||
| 500 | _aColección Sonia Corcuera de Mancera | ||
| 504 | _aBibliografía : p. 124-127 | ||
| 610 | 2 | 4 |
_aAcademia Nacional de San Carlos _xHistoria _95489 |
| 650 | 1 | 4 |
_aLotería _zMéxico _95490 |
| 650 | 1 | 4 |
_aArte y Estado _zMéxico _95491 |
| 902 | _aDSC | ||
| 942 |
_2lcc _cB |
||
| 999 |
_c1543 _d1543 |
||